|
|
|
|
| LEADER |
00000nab a2200000ua 4500 |
| 001 |
vtls010812554 |
| 003 |
SK-MaSNL |
| 005 |
20260303220457.0 |
| 008 |
230121s1976 xo |||||||||||||||||slo| |
| 035 |
|
|
|a (urnnbn)urn:nbn:sk:snk:ar-005ive
|
| 035 |
|
|
|a urn:nbn:sk:snk-ab5hvs
|
| 035 |
|
|
|a (uuid)3952d86d-384b-4578-90a2-87bf3816560f
|
| 040 |
|
|
|a SNKBUCL
|b slo
|c SNKBUCL
|e AACR2
|
| 041 |
0 |
|
|a slo
|
| 044 |
|
|
|a xo
|c SK
|
| 100 |
1 |
|
|a Finďo, Bohuslav,
|d 1921-2006
|4 aut
|9 36955
|
| 245 |
1 |
0 |
|a DIABETICKÁ KETOACIDÓZA
|b I. Vyvolávajúce činitele a klinický obraz
|c B. Finďo, L. Duhan
|
| 700 |
1 |
|
|a Duhan, Ladislav
|4 aut
|9 1253631
|
| 773 |
0 |
|
|t Lekársky obzor : odborný časopis Slovenskej zdravotníckej univerzity v Bratislave
|g Roč. 25, č. 11 (1976), s. 627-632
|
| 954 |
|
|
|a odborná, vedecká literatúra pôvodná (slovenská)
|2 lita
|
| 958 |
|
|
|a OND
|
| 958 |
|
|
|a EUIPO
|
| 958 |
|
|
|a article5
|
| 999 |
|
|
|c 2227413
|d 2229343
|